[Event "Hoogeveen Open 2016"]
[Site "Hoogeveen"]
[Date "2016.10.19"]
[Round "5.16"]
[White "Buckels, Valentin"]
[Black "Dushyant Sharma"]
[Result "1-0"]
[BlackElo "2039"]
[WhiteElo "2273"]
[LiveChessVersion "1.4.8"]

1. c4 {[%clk 1:30:15]} Nf6 {[%clk 1:30:44]} 2. g3 {[%clk 1:30:22]} e6
{[%clk 1:30:57]} 3. Bg2 {[%clk 1:30:39]} d5 {[%clk 1:31:02]} 4. Nf3
{[%clk 1:31:04]} Be7 {[%clk 1:31:26]} 5. O-O {[%clk 1:31:26]} O-O
{[%clk 1:31:49]} 6. d4 {[%clk 1:31:55]} dxc4 {[%clk 1:32:11]} 7. Qc2
{[%clk 1:32:21]} c5 {[%clk 1:32:29]} 8. Rd1 {[%clk 1:31:39]} cxd4
{[%clk 1:29:42]} 9. Nxd4 {[%clk 1:31:25]} Qb6 {[%clk 1:23:46]} 10. Na3
{[%clk 1:22:58]} e5 {[%clk 1:11:25]} 11. Nxc4 {[%clk 1:20:09]} Qc7
{[%clk 1:09:02]} 12. Nb5 {[%clk 1:17:06]} Qc5 {[%clk 1:09:04]} 13. a4
{[%clk 1:15:01]} Ng4 {[%clk 1:05:33]} 14. e3 {[%clk 1:13:10]} Nc6
{[%clk 0:59:41]} 15. Qc3 {[%clk 0:56:58]} Be6 {[%clk 0:49:03]} 16. b3
{[%clk 0:55:26]} Bxc4 {[%clk 0:44:57]} 17. bxc4 {[%clk 0:53:31]} a6
{[%clk 0:39:35]} 18. Ba3 {[%clk 0:43:21]} Nb4 {[%clk 0:37:47]} 19. Rab1
{[%clk 0:38:20]} axb5 {[%clk 0:35:32]} 20. Bxb4 {[%clk 0:38:11]} Qc7
{[%clk 0:35:56]} 21. Bxe7 {[%clk 0:38:04]} Qxe7 {[%clk 0:36:20]} 22. h3
{[%clk 0:36:46]} Nf6 {[%clk 0:24:37]} 23. Rxb5 {[%clk 0:35:37]} Rxa4
{[%clk 0:24:21]} 24. Rxb7 {[%clk 0:34:59]} Qe6 {[%clk 0:23:06]} 25. Rc1
{[%clk 0:33:09]} e4 {[%clk 0:19:30]} 26. c5 {[%clk 0:30:20]} Qc6 {[%clk 0:19:08]}
27. Rb6 {[%clk 0:30:02]} Qc7 {[%clk 0:19:19]} 28. Qb3 {[%clk 0:30:10]} Qa7
{[%clk 0:12:34]} 29. Rb7 {[%clk 0:29:28]} Qa6 {[%clk 0:12:12]} 30. Bf1
{[%clk 0:27:31]} Qa5 {[%clk 0:11:04]} 31. Kg2 {[%clk 0:23:52]} Ra2
{[%clk 0:08:43]} 32. Qxf7+ {[%clk 0:18:25]} Rxf7 {[%clk 0:06:49]} 33. Rb8+
{[%clk 0:18:45]} 1-0

[Event "Hoogeveen Open 2016"]
[Site "Hoogeveen"]
[Date "2016.10.19"]
[Round "5.17"]
[White "Keetman, Maaike"]
[Black "Ten Hertog, Hugo"]
[Result "0-1"]
[BlackElo "2468"]
[WhiteElo "2174"]
[LiveChessVersion "1.4.8"]

1. e4 {[%clk 1:30:57]} g6 {[%clk 1:30:24]} 2. d4 {[%clk 1:31:19]} Bg7
{[%clk 1:30:52]} 3. Nc3 {[%clk 1:31:43]} d6 {[%clk 1:31:20]} 4. Be3
{[%clk 1:31:50]} c6 {[%clk 1:30:47]} 5. Qd2 {[%clk 1:30:51]} Nd7 {[%clk 1:30:48]}
6. O-O-O {[%clk 1:30:10]} b5 {[%clk 1:31:16]} 7. h4 {[%clk 1:27:21]} h5
{[%clk 1:30:15]} 8. Nh3 {[%clk 1:24:22]} Nb6 {[%clk 1:30:12]} 9. Bd3
{[%clk 1:00:42]} Bxh3 {[%clk 1:23:24]} 10. Rxh3 {[%clk 1:00:29]} Rb8
{[%clk 1:23:49]} 11. Kb1 {[%clk 0:50:13]} Nf6 {[%clk 1:13:37]} 12. f4
{[%clk 0:42:05]} b4 {[%clk 1:09:03]} 13. Ne2 {[%clk 0:42:22]} Ng4
{[%clk 1:09:10]} 14. Bg1 {[%clk 0:41:59]} a5 {[%clk 1:03:21]} 15. Rf1
{[%clk 0:33:47]} Bh6 {[%clk 0:24:50]} 16. Qe1 {[%clk 0:29:30]} O-O
{[%clk 0:20:53]} 17. f5 {[%clk 0:21:50]} c5 {[%clk 0:19:13]} 18. dxc5
{[%clk 0:19:16]} Na4 {[%clk 0:16:38]} 19. fxg6 {[%clk 0:14:08]} fxg6
{[%clk 0:16:39]} 20. Bc4+ {[%clk 0:14:18]} Kh7 {[%clk 0:16:14]} 21. Rxf8
{[%clk 0:13:02]} Bxf8 {[%clk 0:15:07]} 22. Nf4 {[%clk 0:08:58]} Bh6
{[%clk 0:03:13]} 23. Qf1 {[%clk 0:04:39]} Qh8 {[%clk 0:02:56]} 24. Nd3
{[%clk 0:04:01]} Bg7 {[%clk 0:00:32]} 25. cxd6 {[%clk 0:01:59]} exd6
{[%clk 0:00:38]} 26. Bb3 {[%clk 0:01:55]} Nxb2 {[%clk 0:00:36]} 27. Nxb2
{[%clk 0:02:08]} Bxb2 {[%clk 0:01:02]} 28. Qf7+ {[%clk 0:02:35]} Bg7
{[%clk 0:00:48]} 29. Bd4 {[%clk 0:02:57]} Rf8 {[%clk 0:00:52]} 30. Qxg7+
{[%clk 0:02:42]} Qxg7 {[%clk 0:01:18]} 31. Bxg7 {[%clk 0:03:11]} Kxg7
{[%clk 0:01:08]} 32. Rd3 {[%clk 0:02:59]} Rf1+ {[%clk 0:01:21]} 33. Kb2
{[%clk 0:03:28]} Nf2 {[%clk 0:01:19]} 34. Rxd6 {[%clk 0:02:14]} Nd1+
{[%clk 0:01:41]} 35. Rxd1 {[%clk 0:02:02]} Rxd1 {[%clk 0:02:07]} 36. a3
{[%clk 0:02:09]} Rd2 {[%clk 0:01:50]} 37. axb4 {[%clk 0:02:21]} axb4
{[%clk 0:02:17]} 38. Bd5 {[%clk 0:02:31]} Rxg2 {[%clk 0:02:32]} 39. Kb3
{[%clk 0:02:56]} Rh2 {[%clk 0:02:48]} 40. Kxb4 {[%clk 0:03:08]} Rxc2
{[%clk 0:03:09]} 0-1

[Event "Hoogeveen Open"]
[Site "Hoogeveen, Netherlands"]
[Date "2016.10.19"]
[Round "5.18"]
[White "Jonkman, Harmen"]
[Black "Nguyen, Kevin"]
[Result "1-0"]
[WhiteElo "2413"]
[BlackElo "2185"]
[PlyCount "61"]
[EventDate "2016.??.??"]

1. e4 g6 2. d4 Bg7 3. Nf3 d6 4. Bc4 a6 5. a4 e6 6. O-O Ne7 7. a5 Nd7 8. Re1 O-O
9. c3 h6 10. Nbd2 Nf6 11. e5 Ne8 12. Qe2 d5 13. Bd3 Bd7 14. h4 Rc8 15. Nb3 Kh8
16. Nc5 Rb8 17. Bf4 Nc8 18. g3 Rg8 19. Qd2 Kh7 20. h5 Bf8 21. Kg2 Bxc5 22. dxc5
Ne7 23. Bxh6 Rh8 24. Bg5 Bb5 25. hxg6+ fxg6 26. Rh1+ Kg7 27. Rxh8 Kxh8 28. Rh1+
Kg8 29. Bxg6 Qd7 30. Bh7+ Kg7 31. Bxe7 1-0

[Event "Hoogeveen Open"]
[Site "Hoogeveen, Netherlands"]
[Date "2016.10.19"]
[Round "5.19"]
[White "Okkes, Menno"]
[Black "Schoehuijs, Erik"]
[Result "1-0"]
[WhiteElo "2322"]
[BlackElo "2169"]
[PlyCount "93"]
[EventDate "2016.??.??"]

1. c4 Nf6 2. g3 g6 3. Bg2 Bg7 4. d4 O-O 5. Nf3 d6 6. O-O Nbd7 7. Nc3 e5 8. h3
c6 9. e4 Qa5 10. Qc2 exd4 11. Nxd4 Nb6 12. Nce2 Re8 13. Bf4 Qc5 14. Rac1 Be6
15. Nxe6 Rxe6 16. Be3 Qa5 17. Nd4 Re7 18. Nb3 Qa4 19. Rfd1 Ne8 20. a3 Nd7 21.
c5 dxc5 22. Nxc5 Qxc2 23. Rxc2 Nxc5 24. Bxc5 Rc7 25. Rcd2 b6 26. Be3 Rac8 27.
f4 Bf6 28. e5 Be7 29. Bf1 Ng7 30. Ba6 Nf5 31. Bf2 Rb8 32. g4 Nh4 33. Rd7 Rxd7
34. Rxd7 Bc5 35. Kf1 Nf3 36. Be2 Bxf2 37. Kxf2 Nh4 38. Bc4 Rf8 39. Rxa7 b5 40.
Bb3 c5 41. Bd5 g5 42. f5 Rd8 43. Bxf7+ Kf8 44. e6 Rd4 45. Bh5 Rf4+ 46. Ke2 Re4+
47. Kd3 1-0

[Event "Hoogeveen Open"]
[Site "Hoogeveen, Netherlands"]
[Date "2016.10.19"]
[Round "5.20"]
[White "Strating, Sybolt"]
[Black "Clemens, Adrian"]
[Result "1-0"]
[WhiteElo "2276"]
[BlackElo "2162"]
[PlyCount "189"]
[EventDate "2016.??.??"]

1. d4 Nf6 2. c4 g6 3. Nc3 Bg7 4. g3 O-O 5. Bg2 d6 6. Nf3 Nbd7 7. O-O e5 8. Re1
c6 9. e4 Qa5 10. Rb1 a6 11. b4 Qc7 12. a4 exd4 13. Nxd4 Nb6 14. Bf1 a5 15. bxa5
Rxa5 16. Bf4 Nh5 17. Be3 Nd7 18. Be2 Nhf6 19. Qd2 Nc5 20. Nb3 Nxb3 21. Rxb3 Nd7
22. Rd1 Nc5 23. Ra3 Re8 24. f3 Be5 25. Bf1 Be6 26. Qc2 Rea8 27. f4 Bxc3 28.
Rxc3 Rxa4 29. f5 Ra2 30. Qb1 Ra1 31. Qxa1 Rxa1 32. Rxa1 Nxe4 33. fxe6 Nxc3 34.
Ra8+ Kg7 35. Bd4+ Kh6 36. exf7 Qxf7 37. Bxc3 Qf3 38. Bd2+ Kg7 39. Rd8 d5 40.
cxd5 cxd5 41. Rd7+ Kf6 42. Rxb7 Qe4 43. Rb4 Qc2 44. Be3 h5 45. Rd4 Ke5 46. Rd2
Qb1 47. Bf4+ Ke6 48. Kf2 Qb4 49. h4 d4 50. Bd3 Kf6 51. Bg5+ Kf7 52. Be4 Qc3 53.
Kg2 Kg7 54. Rf2 Qe1 55. Bd3 Qc3 56. Bf1 Qc6+ 57. Kh2 Qc3 58. Bg2 Kh7 59. Bd5
Qa5 60. Rf7+ Kg8 61. Rd7+ Kf8 62. Bg2 Qe5 63. Bf4 Qf6 64. Rd6 Qg7 65. Bh3 Qe7
66. Rxd4 Qe2+ 67. Bg2 Kf7 68. Rd7+ Kf8 69. Bg5 Kg8 70. Rd2 Qe1 71. Bd5+ Kg7 72.
Kg2 Qe5 73. Bf3 Qb5 74. Re2 Qc4 75. Bf4 Kf7 76. Rd2 Ke7 77. Bg5+ Kf8 78. Bd5
Qc5 79. Bh6+ Ke8 80. Be4 Kf7 81. Bd5+ Ke8 82. Re2+ Kd7 83. Be4 Qc4 84. Bd3 Qc6+
85. Kh2 Qf6 86. Bg5 Qb6 87. Re7+ Kd6 88. Be4 Qf2+ 89. Bg2 Qc2 90. Rf7 Ke5 91.
Rf6 Qb1 92. Rc6 Qd3 93. Bf4+ Kf5 94. Bh3+ Ke4 95. Re6+ 1-0

[Event "Hoogeveen Open"]
[Site "Hoogeveen, Netherlands"]
[Date "2016.10.19"]
[Round "5.21"]
[White "Vogel, Jaap"]
[Black "Bunyatov, Rustam"]
[Result "0-1"]
[WhiteElo "2134"]
[BlackElo "2249"]
[PlyCount "88"]
[EventDate "2016.??.??"]

1. d4 Nf6 2. Nf3 g6 3. g3 Bg7 4. Bg2 O-O 5. O-O d6 6. c4 c6 7. Nc3 Bf5 8. Ne1
Qc8 9. e4 Bh3 10. f3 Bxg2 11. Kxg2 a6 12. a4 a5 13. Be3 Na6 14. Qd2 Nb4 15. Rd1
Rd8 16. Nc2 Nxc2 17. Qxc2 d5 18. e5 Ne8 19. cxd5 cxd5 20. Qb3 Qd7 21. Nb5 Rdc8
22. Rc1 Bf8 23. Bd2 b6 24. g4 e6 25. Rfd1 Rxc1 26. Rxc1 Rc8 27. Rc3 Rxc3 28.
Qxc3 Bb4 29. Qc2 Bxd2 30. Qxd2 Nc7 31. Qd3 Qc6 32. Nxc7 Qxc7 33. Qb5 Kg7 34.
Qb3 g5 35. Qe3 Qc2+ 36. Kg3 h6 37. f4 Qg6 38. h4 gxh4+ 39. Kh3 Qb1 40. Qf3 Qxb2
41. f5 exf5 42. gxf5 Qxd4 43. e6 Qe5 44. Qg4+ Kf8 0-1

[Event "Hoogeveen Open"]
[Site "Hoogeveen, Netherlands"]
[Date "2016.10.19"]
[Round "5.22"]
[White "Vedder, Richard"]
[Black "Roebers, Jan"]
[Result "1/2-1/2"]
[WhiteElo "2205"]
[BlackElo "2151"]
[PlyCount "118"]
[EventDate "2016.??.??"]

1. e4 e5 2. Nc3 Nf6 3. Bc4 Bb4 4. d3 d5 5. exd5 Nxd5 6. Bd2 Nxc3 7. bxc3 Bd6 8.
Qh5 O-O 9. Nf3 Qf6 10. Ng5 Qg6 11. Qxg6 hxg6 12. h4 Nc6 13. h5 gxh5 14. Rxh5
Na5 15. Bd5 c6 16. Bf3 f6 17. Ne4 Be7 18. Ke2 Nc4 19. dxc4 f5 20. Rh2 fxe4 21.
Bxe4 Be6 22. Rah1 Bxc4+ 23. Bd3 b5 24. Ke1 Kf7 25. Bxc4+ bxc4 26. Rh5 Rab8 27.
R1h3 Rb2 28. Rxe5 Rxc2 29. Rf3+ Bf6 30. g4 Rd8 31. Bg5 Rd3 32. Be3 Kg8 33. Re8+
Kh7 34. Re6 Rc1+ 35. Ke2 Rc2+ 36. Kf1 Bg5 37. Rh3+ Kg8 38. Rxc6 Bxe3 39. Rxe3
Rxe3 40. fxe3 Rxc3 41. Ke2 Rc2+ 42. Kf3 Rxa2 $11 43. Rxc4 Kf7 44. Kf4 Ra5 45.
Rc7+ Kf6 46. Rc6+ Kf7 47. g5 Ra1 48. g6+ Ke7 49. e4 Rd1 50. Ra6 Rd7 51. e5 Rb7
52. Kf5 Kd7 53. Ra5 Ke7 54. Ke4 Ke6 55. Ra6+ Rb6 56. Rxa7 Rb4+ 57. Kf3 Kxe5 58.
Rxg7 Kf6 59. Rg8 Ra4 1/2-1/2

[Event "Hoogeveen Open"]
[Site "Hoogeveen, Netherlands"]
[Date "2016.10.19"]
[Round "5.23"]
[White "Slingerland, Fred"]
[Black "Bekedam, Tyro"]
[Result "0-1"]
[WhiteElo "2344"]
[BlackElo "2069"]
[PlyCount "72"]
[EventDate "2016.??.??"]

1. e4 c6 2. d4 d5 3. Nc3 dxe4 4. Nxe4 Bf5 5. Ng3 Bg6 6. Nh3 e6 7. Nf4 Bd6 8.
Nxg6 hxg6 9. c3 Nf6 10. Qf3 Nbd7 11. Bc4 Qc7 12. Bg5 c5 13. Bb5 O-O 14. Bxd7
Nxd7 15. dxc5 Nxc5 16. O-O e5 17. h3 Ne6 18. Be3 Rad8 19. Rfd1 f5 20. Qd5 Qf7
21. Bd2 e4 22. Qb3 Bxg3 23. fxg3 Rd3 24. Be1 Rfd8 25. Bf2 e3 26. Be1 Kh7 27.
Rxd3 Rxd3 28. Qc4 Qd7 29. Kf1 b5 30. Qh4+ Kg8 31. a4 Nc5 32. axb5 Ne4 33. b6
e2+ 34. Kxe2 Qb5 35. Qf4 Rd2+ 36. Kf3 Qe2# 0-1

[Event "Hoogeveen Open"]
[Site "Hoogeveen, Netherlands"]
[Date "2016.10.19"]
[Round "5.24"]
[White "Sparenberg, Erik"]
[Black "De Boer, Eelke"]
[Result "1-0"]
[WhiteElo "2140"]
[BlackElo "2018"]
[PlyCount "99"]
[EventDate "2016.??.??"]

1. e4 e6 2. d4 d5 3. exd5 exd5 4. Nf3 Nc6 5. Bf4 Bd6 6. Bxd6 Qxd6 7. c3 Bg4 8.
Be2 O-O-O 9. Nbd2 Re8 10. O-O Nf6 11. Re1 Re7 12. Bd3 Rxe1+ 13. Qxe1 Re8 14.
Qf1 Ne4 15. Re1 f5 16. Bb5 Bh5 17. Qd3 Bf7 18. Bxc6 Qxc6 19. Ne5 Qf6 20. Nb3 g5
21. Qb5 Re7 22. Qa4 a6 23. f3 Be8 24. Qa5 Nd6 25. Qxd5 Bf7 26. Qc5 Nc4 27. Qa7
Nb6 28. Nc5 Bd5 29. a4 g4 30. fxg4 Qh4 31. Ncd3 Be4 32. g3 Qh3 33. Nf4 Qh6 34.
a5 Nd7 35. Nxd7 Kxd7 36. gxf5 Qd6 37. Qc5 Qxc5 38. dxc5 Bxf5 39. Rxe7+ Kxe7 40.
Kf2 c6 41. Ke3 Kf6 42. Kd4 Bd7 43. Ng2 h5 44. Ne3 Be6 45. Ke4 Ba2 46. Kf4 Be6
47. h4 Kg6 48. Ke5 Kf7 49. Nf5 Bb3 50. Nd6+ 1-0

[Event "Hoogeveen Open"]
[Site "Hoogeveen, Netherlands"]
[Date "2016.10.19"]
[Round "5.25"]
[White "Fehr, Axel"]
[Black "Eck, Mathias"]
[Result "1/2-1/2"]
[WhiteElo "2130"]
[BlackElo "2082"]
[PlyCount "32"]
[EventDate "2016.??.??"]

1. Nf3 Nf6 2. g3 c5 3. c4 Nc6 4. Bg2 g6 5. b3 Bg7 6. Bb2 O-O 7. O-O d6 8. Nc3
Ne8 $11 9. e3 e5 10. Qe2 Nc7 11. Ne1 Bd7 12. Nc2 Rb8 13. Nd5 Ne7 14. Nxc7 Qxc7
15. d4 exd4 16. exd4 Nf5 1/2-1/2

[Event "Hoogeveen Open"]
[Site "Hoogeveen, Netherlands"]
[Date "2016.10.19"]
[Round "5.26"]
[White "De Vries, Bram"]
[Black "Elgersma, Simon"]
[Result "1/2-1/2"]
[WhiteElo "1984"]
[BlackElo "2084"]
[PlyCount "94"]
[EventDate "2016.??.??"]

1. d4 Nf6 2. c4 g6 3. Nc3 Bg7 4. e4 d6 5. Nf3 O-O 6. Be2 e5 7. d5 a5 8. Be3 Ng4
9. Bg5 f6 10. Bh4 g5 11. Bg3 Nh6 12. Nd2 f5 13. exf5 Nxf5 14. Nde4 Nd7 15. O-O
h6 16. a3 Nf6 17. b4 axb4 18. axb4 Rxa1 19. Qxa1 Nd4 20. Qd1 Nxe2+ 21. Qxe2
Nxe4 22. Nxe4 Qe8 23. Ra1 Qg6 24. Ra8 Kh7 25. f3 g4 26. c5 h5 27. Qc2 Bf5 28.
Rxf8 Bxf8 29. Kf2 Kg8 30. Bh4 Qf7 31. cxd6 cxd6 32. Qc4 gxf3 33. gxf3 Be7 34.
Bxe7 Qxe7 35. Ng3 Bg6 36. Qc8+ Kh7 37. b5 Qf7 38. Qc4 Qe7 $11 39. b6 Kg7 40.
Qc7 Kf7 41. Ne4 Bxe4 42. fxe4 Ke8 43. Qc8+ Kf7 44. Qf5+ $11 Qf6 45. Qxf6+ Kxf6
46. Kg3 Kg5 47. h4+ Kf6 1/2-1/2

[Event "Hoogeveen Open"]
[Site "Hoogeveen, Netherlands"]
[Date "2016.10.19"]
[Round "5.27"]
[White "Van Randtwijk, Mick"]
[Black "Vardan Nagpal"]
[Result "0-1"]
[WhiteElo "1932"]
[BlackElo "2117"]
[PlyCount "84"]
[EventDate "2016.??.??"]

1. e4 c5 2. Nf3 e6 3. d4 cxd4 4. Nxd4 a6 5. Bd3 Nf6 6. O-O Qc7 7. Qe2 d6 8. c4
Be7 9. Nc3 Nbd7 10. b3 b5 11. Bd2 bxc4 12. Bxc4 Ne5 13. f4 Nxc4 14. bxc4 O-O
15. f5 e5 16. Nf3 Bb7 17. Nd5 Bxd5 18. cxd5 Rfc8 19. Rfc1 Qb6+ 20. Kh1 Qb5 21.
Qe1 Qd3 22. Bg5 h6 23. Rd1 Qa3 24. Bd2 Qa4 25. Bb4 a5 26. Bd2 Nxe4 27. Rdc1 Nf6
28. Rxc8+ Rxc8 29. Bxa5 Nxd5 30. Bd2 Bf6 31. Ng1 Ne7 32. Qf2 d5 33. Ne2 e4 34.
Rf1 d4 35. Qf4 Qxa2 36. Nc1 Qd5 37. Bb4 Bg5 38. Qg4 Qc4 39. Ne2 Qxb4 40. f6
Bxf6 41. Rxf6 Qe1+ 42. Ng1 Rc1 0-1

[Event "Hoogeveen Open"]
[Site "Hoogeveen, Netherlands"]
[Date "2016.10.19"]
[Round "5.28"]
[White "Kokje, Joris"]
[Black "Bensaid, Simon"]
[Result "0-1"]
[WhiteElo "2126"]
[BlackElo "1983"]
[PlyCount "68"]
[EventDate "2016.??.??"]

1. d4 Nf6 2. c4 e6 3. Nf3 d5 4. g3 Nbd7 5. Bg2 dxc4 6. O-O Rb8 7. a4 b6 8. Qc2
Bb7 9. Qxc4 c5 10. Nc3 Rc8 11. Bf4 cxd4 12. Qxd4 Bc5 13. Qd3 Nd5 14. Nxd5 Bxd5
15. e4 Bc4 16. Qd2 Bxf1 17. Bxf1 e5 18. Bg5 f6 19. Bb5 O-O 20. Bxd7 fxg5 21.
Bxc8 Qxc8 22. Qd5+ Kh8 23. Kg2 g4 24. Nxe5 Rxf2+ 25. Kh1 Qf8 26. Qd3 Rxb2 27.
Nxg4 Qe7 28. Rf1 Rb4 29. Ne5 Rd4 30. Qa6 Qe6 31. Qb7 h6 32. Nf3 Qxe4 33. Qxa7
Rd1 34. Qa8+ Qxa8 0-1

[Event "Hoogeveen Open"]
[Site "Hoogeveen, Netherlands"]
[Date "2016.10.19"]
[Round "5.29"]
[White "Kouwenhoven, Derk"]
[Black "Hendriks, Richard"]
[Result "1/2-1/2"]
[WhiteElo "1964"]
[BlackElo "2122"]
[PlyCount "57"]
[EventDate "2016.??.??"]

1. e4 e5 2. Nf3 Nc6 3. Bc4 Be7 4. d4 exd4 5. Nxd4 d6 6. Be3 Nf6 7. Nc3 O-O 8.
O-O Ng4 9. Qe2 Nxe3 10. Nxc6 bxc6 11. Qxe3 Bf6 12. f4 Re8 13. Rae1 d5 14. Rd1
Bxc3 15. bxc3 Bg4 16. Rd4 Qe7 17. Bd3 Bf5 18. e5 Bxd3 19. cxd3 f6 20. Re1 Qe6
21. Qf3 Qf5 22. c4 fxe5 23. fxe5 Rxe5 24. Qxf5 Rxf5 25. Re7 Raf8 26. h3 R8f7
27. Re8+ Rf8 28. Re7 R8f7 29. Re8+ 1/2-1/2

[Event "Hoogeveen Open"]
[Site "Hoogeveen, Netherlands"]
[Date "2016.10.19"]
[Round "5.30"]
[White "Henseler, Jorgen"]
[Black "Pieters, Minko"]
[Result "1-0"]
[WhiteElo "2053"]
[BlackElo "1954"]
[PlyCount "73"]
[EventDate "2016.??.??"]

1. e4 c5 2. Nf3 d6 3. d4 cxd4 4. Nxd4 Nf6 5. Nc3 a6 6. Be3 e5 7. Nb3 Nbd7 8. f3
h5 9. Qd2 b6 10. O-O-O Bb7 11. Kb1 Qc7 12. h3 Be7 13. Be2 Nc5 14. g4 Rc8 15. g5
Nh7 16. Nxc5 dxc5 17. Nd5 Bxd5 18. exd5 Qb7 19. f4 e4 20. d6 Rd8 21. Qc3 Bf6
22. gxf6 Nxf6 23. Rhg1 Kf8 24. Qe5 Qd7 25. Bxa6 Re8 26. Qc3 Ra8 27. Qc4 Qxh3
28. Rge1 Kg8 29. Bb7 Rb8 30. Bxe4 b5 31. Qd3 c4 32. Qd4 Qe6 33. Bd5 Nxd5 34.
Qxd5 Qxd5 35. Rxd5 f6 36. d7 Kf7 37. Ba7 1-0

[Event "Hoogeveen Open"]
[Site "Hoogeveen, Netherlands"]
[Date "2016.10.19"]
[Round "5.31"]
[White "Bruggink, Tycho"]
[Black "Wedda, Dries"]
[Result "0-1"]
[WhiteElo "1895"]
[BlackElo "1994"]
[PlyCount "60"]
[EventDate "2016.??.??"]

1. e4 c5 2. Nf3 d6 3. d4 cxd4 4. Nxd4 Nf6 5. Nc3 a6 6. Bc4 e6 7. Bb3 Nbd7 8.
O-O Nc5 9. f3 Be7 10. Qe1 O-O 11. a3 e5 12. Nf5 Bxf5 13. exf5 Nxb3 14. cxb3 Re8
15. Qf2 d5 16. g4 h6 17. Rd1 Rc8 18. b4 a5 19. Na2 axb4 20. Nxb4 Bc5 21. Be3 d4
22. Bd2 e4 23. fxe4 Rxe4 24. Kh1 Nxg4 25. Qg2 d3 26. Be1 Rd4 27. Rxd3 Rxd3 28.
Nxd3 Qxd3 29. Bc3 Nf2+ 30. Kg1 Nd1+ 0-1

[Event "Hoogeveen Open"]
[Site "Hoogeveen, Netherlands"]
[Date "2016.10.19"]
[Round "5.32"]
[White "De Boer, Bas"]
[Black "Mesman, Edwyn"]
[Result "1/2-1/2"]
[WhiteElo "2149"]
[BlackElo "1979"]
[PlyCount "52"]
[EventDate "2016.??.??"]

1. d4 Nf6 2. c4 g6 3. Nc3 Bg7 4. e4 d6 5. Be2 O-O 6. Nf3 e5 7. Be3 Nc6 8. d5
Ne7 9. Nd2 Nh5 10. Bxh5 gxh5 11. Qxh5 f5 12. exf5 Nxf5 13. Bg5 Qd7 14. Nde4 Nd4
15. O-O-O b5 16. Rd3 Qf5 17. g4 Qxg4 18. Qxg4 Bxg4 19. Rg1 bxc4 20. Rdg3 Bf5
21. Nd2 Bg6 22. R3g2 Rf7 23. Be3 Kh8 24. Nxc4 Nf3 25. Rh1 Nh4 26. Rg4 Nf5
1/2-1/2

[Event "Hoogeveen Open"]
[Site "Hoogeveen, Netherlands"]
[Date "2016.10.19"]
[Round "5.33"]
[White "Den Dunnen, Lola"]
[Black "Van der Raaf, Erik"]
[Result "1/2-1/2"]
[WhiteElo "1890"]
[BlackElo "2117"]
[PlyCount "71"]
[EventDate "2016.??.??"]

1. d4 d5 2. c4 c6 3. cxd5 cxd5 4. Nc3 Nf6 5. Bf4 Qb6 6. Qd2 Nc6 7. e3 Bf5 8.
Bb5 e6 9. a3 h6 10. Nf3 Nh5 11. Bg3 Nxg3 12. hxg3 Bd6 13. O-O O-O 14. Bd3 Bxd3
15. Qxd3 Rac8 16. b4 a5 17. b5 Na7 18. Rfc1 Qd8 19. e4 dxe4 20. Nxe4 Qd7 21. a4
Rfd8 22. Qb3 Bb4 23. Nc5 Qe7 24. Qe3 Rd5 25. Nd3 Bc3 26. Ra2 Qd8 27. Rac2 Bxd4
28. Nxd4 Rxc2 29. Nxc2 Rxd3 30. Qxa7 Rd1+ 31. Rxd1 Qxd1+ 32. Kh2 Qh5+ 33. Kg1
Qd1+ 34. Kh2 Qh5+ 35. Kg1 Qd1+ 36. Kh2 1/2-1/2

[Event "Hoogeveen Open 2016"]
[Site "Hoogeveen"]
[Date "2016.10.19"]
[Round "6.1"]
[White "Shyam, Sundar M."]
[Black "Lalith Babu M R"]
[Result "0-1"]
[BlackElo "2586"]
[WhiteElo "2552"]
[LiveChessVersion "1.4.8"]

1. e4 {[%clk 1:30:54]} e5 {[%clk 1:30:53]} 2. Nf3 {[%clk 1:30:53]} Nc6
{[%clk 1:31:17]} 3. Bb5 {[%clk 1:30:30]} a6 {[%clk 1:31:36]} 4. Ba4
{[%clk 1:30:45]} Nf6 {[%clk 1:31:53]} 5. d3 {[%clk 1:31:04]} b5 {[%clk 1:32:11]}
6. Bb3 {[%clk 1:31:28]} Bc5 {[%clk 1:32:20]} 7. Nc3 {[%clk 1:29:33]} d6
{[%clk 1:28:16]} 8. Nd5 {[%clk 1:29:17]} h6 {[%clk 1:28:40]} 9. c3
{[%clk 1:28:42]} Rb8 {[%clk 1:24:12]} 10. O-O {[%clk 1:23:36]} O-O
{[%clk 1:23:09]} 11. Be3 {[%clk 1:21:15]} Bg4 {[%clk 0:52:23]} 12. h3
{[%clk 1:12:28]} Bh5 {[%clk 0:52:42]} 13. Nxf6+ {[%clk 0:46:13]} Qxf6
{[%clk 0:53:04]} 14. g4 {[%clk 0:46:41]} Bg6 {[%clk 0:52:54]} 15. h4
{[%clk 0:46:58]} Qe7 {[%clk 0:52:26]} 16. Kh2 {[%clk 0:36:59]} Kh8
{[%clk 0:50:01]} 17. Rg1 {[%clk 0:34:56]} Bxe3 {[%clk 0:49:18]} 18. fxe3
{[%clk 0:35:24]} Na5 {[%clk 0:49:42]} 19. Bc2 {[%clk 0:32:35]} d5
{[%clk 0:46:10]} 20. h5 {[%clk 0:22:47]} dxe4 {[%clk 0:45:22]} 21. dxe4
{[%clk 0:23:16]} Bh7 {[%clk 0:45:34]} 22. g5 {[%clk 0:22:39]} Nc4
{[%clk 0:43:00]} 23. Qe2 {[%clk 0:22:22]} Rbd8 {[%clk 0:39:24]} 24. b3
{[%clk 0:13:33]} Nd6 {[%clk 0:38:43]} 25. Qg2 {[%clk 0:10:10]} f5
{[%clk 0:39:04]} 26. Raf1 {[%clk 0:05:44]} fxe4 {[%clk 0:33:21]} 27. Nh4
{[%clk 0:05:53]} Rxf1 {[%clk 0:31:38]} 28. Rxf1 {[%clk 0:02:53]} Nf7
{[%clk 0:29:50]} 29. Bxe4 {[%clk 0:02:06]} Nxg5 {[%clk 0:29:59]} 30. Bxh7
{[%clk 0:02:11]} Kxh7 {[%clk 0:30:25]} 31. Qg4 {[%clk 0:00:43]} e4
{[%clk 0:29:55]} 32. Ng6 {[%clk 0:00:32]} Qd6+ {[%clk 0:29:55]} 33. Qf4
{[%clk 0:00:43]} Nf3+ {[%clk 0:28:35]} 34. Kg3 {[%clk 0:00:58]} Qd5
{[%clk 0:28:07]} 35. Ne7 {[%clk 0:00:53]} Qe6 {[%clk 0:27:48]} 36. Ng6
{[%clk 0:00:53]} Qd5 {[%clk 0:25:29]} 37. Ne7 {[%clk 0:00:44]} Qg5+
{[%clk 0:25:54]} 38. Qxg5 {[%clk 0:00:57]} hxg5 {[%clk 0:26:20]} 39. Nf5
{[%clk 0:00:35]} Rd3 {[%clk 0:25:20]} 40. a4 {[%clk 0:01:00]} g6 {[%clk 0:25:25]}
41. hxg6+ {[%clk 0:28:57]} Kxg6 {[%clk 0:55:47]} 42. Ne7+ {[%clk 0:29:14]} Kf6
{[%clk 0:55:39]} 43. axb5 {[%clk 0:29:40]} axb5 {[%clk 0:55:21]} 0-1